[Event "5th Ordu Open 2019"]
[Site "Ordu"]
[Date "2019.05.03"]
[Round "7.4"]
[White "Eren, Ataberk"]
[Black "Annaberdiev, Meilis"]
[Result "0-1"]
[WhiteElo "2256"]
[BlackElo "2531"]
[Annotator "TA"]
[PlyCount "104"]
[EventDate "2019.04.29"]
[EventType "swiss"]
[EventCountry "TUR"]
[SourceTitle "playchess.com"]
[Source "ChessBase"]
[SourceQuality "1"]

{[%evp 23,108,7,12,4,8,25,8,0,0,0,20,22,27,-14,-21,-9,0,-17,0,0,0,0,0,-29,0,0,0,-15,0,0,0,-27,-37,-43,0,-21,-24,-325,-313,-454,-444,-535,-544,-543,-524,-608,-583,-602,-587,-643,-643,-732,-643,-643,-643,-643,-643,-643,-643,-643,-643,-643,-643,-643,-643,-1045,-1011,-29964,-1538,-29966,-29967,-29964,-29968,-29964,-29961,-12834,-12840,-9755,-8754,-6395,-6335,-5393,-5263,-29976,-29977,-29977,-29978]} 1. e4 c5 2. Nf3 d6 3. d4 cxd4 4. Nxd4 Nf6 5. Nc3 g6 6. Be2 Bg7 7. O-O O-O 8. Bg5 Nc6 9. Nb3 a6 10. f4 Nd7 11. Kh1 b5 12. Bf3 Bb7 13. Qe1 {B70: Sicilian Dragon: 6 g3 and 6 Be2 (without a later Be3)} b4 14. Nd5 Rb8 15. c3 {The position is equal.} bxc3 16. Nxc3 {[#]} Nc5 $146 ({Predecessor:} 16... Re8 17. Rd1 Na5 18. Nd4 Qb6 19. Na4 Qc7 20. Rc1 Qd8 {1-0 (43) Zozulia,A (2355)-Cebalo,M (2506) San Marino 2006}) 17. Nxc5 dxc5 18. e5 Nd4 19. Bxb7 Rxb7 20. b3 f6 21. exf6 exf6 22. Bh4 $1 Re8 23. Qf2 Qd6 24. Rad1 f5 25. Qd2 h5 26. Qd3 Kh7 27. Na4 Re4 28. Bg3 Rbe7 29. Qc4 Re2 $36 {[%mdl 2048] White must now prevent ...Qc6! White is under pressure.} 30. Bh4 $2 {[%mdl 8192] [#]} (30. Qxc5 $11 {and White is okay.} Qxc5 31. Nxc5) 30... Qc6 $1 $19 {[%csl Ge2][%cal Rc6g2][%mdl 512]} 31. Rg1 {[#]} (31. Rf2 $142 Rxf2 32. Bxf2) 31... Rc2 $1 {[%cal Rc2c4]} 32. Qxc2 Nxc2 33. Bxe7 Bd4 34. Bxc5 Bxc5 35. Nxc5 Qxc5 36. Rd7+ Kh6 37. h3 Ne3 38. Rd3 Nd5 39. Rf3 Qd4 40. Rgf1 h4 41. Kh2 a5 42. Kh1 Nf6 43. Kh2 Ne4 44. Rc1 Nd2 45. Rcf1 Qb2 (45... Nxf1+ $142 46. Rxf1 Qb2 47. Kg1 Qxa2 48. Rf3 Qe2 49. Kh1 Kg7 50. Kg1 Kf6 51. Kh2 Ke6 52. Rc3 Kd5 53. Rc8 Qb5 54. Kh1 Qxb3 55. Rd8+ Kc6 56. Rc8+ Kb7 57. Re8 a4 58. Re7+ Ka6 59. Rd7 a3 60. Rd6+ Kb7 61. Rd7+ Kc6 62. Ra7 a2 63. Kh2 Qg3+ 64. Kh1 Qe1+ 65. Kh2 a1=Q 66. Rxa1 Qxa1 67. g4 fxg4 68. Kg2 Qb2+ 69. Kg1 g3 70. f5 Qh2+ {[%mdl 64] Double Attack} 71. Kf1 Qf2#) 46. R1f2 Nxf3+ 47. Rxf3 Qxa2 {[%mdl 4096] Endgame KQ-KR} 48. Kh1 Qa1+ 49. Kh2 Qe1 50. Rd3 Kg7 51. Rf3 Kf6 52. Rd3 Qb4 {Played: Qe1-f2} 0-1

[Event "5th Ordu Open 2019"]
[Site "Ordu"]
[Date "2019.05.03"]
[Round "7.5"]
[White "Kilic, Efe Mert"]
[Black "Barski, Radoslaw"]
[Result "0-1"]
[WhiteElo "2248"]
[BlackElo "2462"]
[Annotator "TA"]
[PlyCount "94"]
[EventDate "2019.04.29"]
[EventType "swiss"]
[EventCountry "TUR"]
[SourceTitle "playchess.com"]
[Source "ChessBase"]
[SourceQuality "1"]

{[%evp 19,94,56,76,-29,-34,-24,-35,-32,-26,-31,0,0,-11,-38,-29,-56,-56,-45,-40,-39,-40,-76,-62,-73,-84,-96,-97,-91,-82,-79,-79,-101,-93,-122,-124,-131,-124,-172,-150,-217,-151,-144,-133,-310,-296,-312,-327,-389,-343,-339,-320,-410,-409,-380,-334,-614,-618,-564,-463,-747,-733,-1241,-732,-662,-650,-1241,-1205,-1562,-1484,-1458,-1382,-2701,-2539,-1983,-2029,-3125,-2793]} 1. e4 c5 2. Nf3 Nc6 3. d4 cxd4 4. Nxd4 Nf6 5. Nc3 d6 6. Bg5 Bd7 7. Qd2 Rc8 8. O-O-O Nxd4 9. Qxd4 Qa5 10. f4 Rxc3 {[%mdl 64] [#] Remove Defender} 11. Qxc3 {B61: Sicilian: Richter-Rauzer: 6...Bd7 7 Qd2} ({White should try} 11. bxc3 $16 e5 12. Qb4 Qxb4 13. cxb4) (11. bxc3 e5 12. Qc4 d5 13. Rxd5 Nxd5 14. Qxd5 Qxd5 15. exd5 f6 16. Bh4 exf4 17. Bf2 b6 18. Kd2 Bd6 {½-½ (45) Smeets,J (2651)-Gashimov,V (2740) Nice 2010}) 11... Qxc3 $11 12. bxc3 Nxe4 13. Bh4 {Black is slightly better.} Nxc3 {[#]} 14. Rd4 $146 ({Predecessor:} 14. Rd3 Ne4 15. Be2 g6 16. Re1 Bc6 17. Rb3 a6 18. Bf3 f5 19. Bxe4 fxe4 {0-1 (36) Kosteniuk,A (2525)-Chiburdanidze,M (2489) Dresden 2008}) 14... e5 15. Rd3 Ne4 ({Don't play} 15... Nxa2+ $6 16. Kb2 $16) 16. Rb3 Nc5 17. Ra3 a6 $36 {[%mdl 2048] Black is more active.} 18. Bc4 Be7 19. Bxe7 Kxe7 20. fxe5 dxe5 21. Re1 f6 22. Rg3 g6 23. Bd5 Bf5 24. Rc3 b6 25. Rc4 h5 26. h3 h4 27. Rd1 g5 28. Kd2 Rc8 29. Ke2 (29. Rc3 $17) 29... Bd7 {White must now prevent ...Bb5.} 30. Rc3 Bb5+ 31. Ke3 $2 {[#]} (31. Ke1 $17 {was called for.}) 31... f5 32. Rb1 Rd8 33. Rxc5 bxc5 $19 {[%mdl 4096] Endgame KRB-KRB} 34. c4 Be8 35. Rb7+ Rd7 36. Rb6 {intending Re6+.} Bf7 37. Rxa6 $2 (37. Bxf7 Kxf7 38. Rc6) 37... Bxd5 {Black is clearly winning.} 38. cxd5 Rxd5 {KR-KR} 39. Rg6 (39. a4 $142) 39... c4 40. Rxg5 Kf6 41. Rg8 Rd3+ 42. Ke2 Ra3 43. Kd2 e4 44. Kc2 c3 45. g3 Rxa2+ 46. Kxc3 Ra3+ 47. Kd4 Rd3+ {Accuracy: White = 21%, Black = 82%.} 0-1

[Event "5th Ordu Open 2019"]
[Site "Ordu"]
[Date "2019.05.03"]
[Round "7.6"]
[White "Klekowski, Maciej"]
[Black "Odeev, Handszar"]
[Result "1-0"]
[WhiteElo "2502"]
[BlackElo "2394"]
[Annotator "RC"]
[PlyCount "81"]
[EventDate "2019.04.29"]
[EventType "swiss"]
[EventCountry "TUR"]
[SourceTitle "playchess.com"]
[Source "ChessBase"]
[SourceQuality "1"]
[TimeControl "5400+30"]

1. d4 {[%emt 0:00:30]} Nf6 {[%emt 0:01:30]} 2. c4 {[%emt 0:00:30]} d6 {[%emt 0:09:30]} 3. Nc3 {[%emt 0:01:30]} e5 {[%emt 0:03:30]} 4. e3 {[%emt 0:04:30]} Nbd7 {[%emt 0:03:30]} 5. g3 {[%emt 0:10:30]} g6 {[%emt 0:18:30]} 6. Bg2 {[%emt 0:00:30]} Bg7 {[%emt 0:00:00]} 7. Nge2 {[%emt 0:00:30]} O-O {[%emt 0:01:00]} 8. O-O {[%emt 0:00:30]} Re8 {[%emt 0:01:30]} 9. h3 {[%emt 0:03:30]} h5 {[%emt 0:02:30]} 10. e4 {[%emt 0:01:30]} a6 {[%emt 0:04:30]} 11. Bg5 {[%emt 0:05:30]} exd4 {[%emt 0:10:30]} 12. Nxd4 {[%emt 0:01:30]} Rb8 {[%emt 0:00:30]} 13. a4 {[%emt 0:08:30]} c6 {[%emt 0:12:30]} 14. a5 {[%emt 0:03:30]} Qc7 {[%emt 0:01:30]} 15. Re1 {[%emt 0:01:30]} c5 {[%emt 0:04:30]} 16. Nc2 {[%emt 0:00:00]} b6 {[%emt 0:00:30]} 17. Ne3 {[%emt 0:06:00]} Bb7 {[%emt 0:01:30]} 18. Qc2 {[%emt 0:06:30]} bxa5 {[%emt 0:00:30]} 19. Rad1 {[%emt 0:00:00]} Bc6 {[%emt 0:02:22]} 20. Re2 {[%emt 0:01:00]} Re6 {[%emt 0:03:40]} 21. g4 {[%emt 0:07:30]} hxg4 {[%emt 0:03:57]} 22. hxg4 {[%emt 0:00:00]} Qb7 {[%emt 0:06:48]} 23. Bf4 {[%emt 0:03:00]} Bf8 {[%emt 0:05:29]} 24. g5 {[%emt 0:01:30]} Ne8 {[%emt 0:00:54]} 25. Bh3 {[%emt 0:00:30]} Rxe4 {[%emt 0:00:30]} 26. Nxe4 {[%emt 0:00:30]} Bxe4 {[%emt 0:00:30]} 27. Qd2 {[%emt 0:00:30]} Bf3 {[%emt 0:00:00]} 28. Bg2 {[%emt 0:00:30]} Bxg2 {[%emt 0:00:51]} 29. Nxg2 {[%emt 0:00:00]} Qb3 {[%emt 0:01:03]} 30. Rde1 {[%emt 0:00:00]} Ng7 {[%emt 0:00:19]} 31. Bxd6 {[%emt 0:00:30]} Nf5 {[%emt 0:00:30]} 32. Bxb8 {[%emt 0:01:30]} Nd4 {[%emt 0:00:02]} 33. Qf4 {[%emt 0:00:30]} Nxe2+ {[%emt 0:01:30]} 34. Rxe2 {[%emt 0:00:30]} Nxb8 {[%emt 0:00:00]} 35. Re8 {[%emt 0:00:30]} Qd1+ {[%emt 0:00:04]} 36. Re1 {[%emt 0:00:30]} Qd8 {[%emt 0:00:02]} 37. Ne3 {[%emt 0:00:30]} Be7 {[%emt 0:00:00]} 38. Rd1 {[%emt 0:00:00]} Qc8 {[%emt 0:00:40]} 39. Nd5 {[%emt 0:00:00]} Bd8 {[%emt 0:00:30]} 40. Re1 {[%emt 0:00:30]} Kf8 {[%emt 0:01:22]} 41. Qh4 {[%emt 0:00:00]} 1-0

[Event "5th Ordu Open 2019"]
[Site "Ordu"]
[Date "2019.05.03"]
[Round "7.11"]
[White "Rahmatian, Shayan"]
[Black "Aktas, Ilker"]
[Result "0-1"]
[WhiteElo "1991"]
[BlackElo "1861"]
[Annotator "NA"]
[PlyCount "63"]
[EventDate "2019.04.29"]
[EventType "swiss"]
[EventCountry "TUR"]
[SourceTitle "playchess.com"]
[Source "ChessBase"]
[SourceQuality "1"]
[TimeControl "5400+30"]

1. d4 {[%emt 0:32:30]} Nf6 {[%emt 0:30:30]} 2. c4 {[%emt 0:00:30]} e6 {[%emt 0:00:30]} 3. Nc3 {[%emt 0:00:30]} Bb4 {[%emt 0:00:30]} 4. f3 {[%emt 0:00:30]} c5 {[%emt 0:00:30]} 5. a3 {[%emt 0:00:00]} Ba5 {[%emt 0:00:30]} 6. dxc5 {[%emt 0:10:00]} Bxc3+ {[%emt 0:00:30]} 7. bxc3 {[%emt 0:00:30]} Qa5 {[%emt 0:00:30]} 8. e4 {[%emt 0:03:30]} Qxc5 {[%emt 0:02:30]} 9. a4 {[%emt 0:04:30]} Na6 {[%emt 0:01:30]} 10. Qd2 {[%emt 0:08:30]} Qc7 {[%emt 0:03:30]} 11. Ne2 {[%emt 0:04:30]} Nc5 {[%emt 0:01:30]} 12. Nd4 {[%emt 0:02:30]} a6 {[%emt 0:01:30]} 13. Ba3 {[%emt 0:02:30]} d6 {[%emt 0:00:30]} 14. Rd1 {[%emt 0:06:30]} O-O {[%emt 0:01:30]} 15. g4 {[%emt 0:01:41]} Rd8 {[%emt 0:02:30]} 16. e5 {[%emt 0:09:10]} Ne8 17. exd6 {[%emt 0:03:23]} Rxd6 {[%emt 0:08:00]} 18. Qg5 {[%emt 0:01:15]} b6 {[%emt 0:06:30]} 19. a5 {[%emt 0:00:04]} e5 {[%emt 0:00:30]} 20. axb6 {[%emt 0:02:47]} Rxb6 {[%emt 0:05:30]} 21. Nf5 {[%emt 0:01:07]} Bxf5 {[%emt 0:02:30]} 22. gxf5 {[%emt 0:00:02]} f6 {[%emt 0:09:30]} 23. Qe3 {[%emt 0:00:19]} Rc8 {[%emt 0:00:54]} 24. Rd5 {[%emt 0:02:20]} Rb1+ {[%emt 0:02:38]} 25. Kf2 {[%emt 0:00:21]} Na4 {[%emt 0:00:58]} 26. c5 {[%emt 0:00:56]} Kh8 {[%emt 0:01:16]} 27. Qd3 {[%emt 0:01:38]} Ra1 {[%emt 0:00:52]} 28. c4 {[%emt 0:00:48]} Qa5 {[%emt 0:03:20]} 29. Qb3 {[%emt 0:01:02]} Qe1+ {[%emt 0:01:24]} 30. Kg2 {[%emt 0:00:01]} Nc3 {[%emt 0:07:27]} 31. Bb4 {[%emt 0:00:44]} Qe3 {[%emt 0:04:53]} 32. Qxc3 {[%emt 0:01:22]} 0-1

[Event "5th Ordu Open 2019"]
[Site "Ordu"]
[Date "2019.05.03"]
[Round "7.12"]
[White "Caymaz, Umit Oguz"]
[Black "Aydin, Aytac"]
[Result "1-0"]
[WhiteElo "1442"]
[BlackElo "1473"]
[Annotator "NA"]
[PlyCount "97"]
[EventDate "2019.04.29"]
[EventType "swiss"]
[EventCountry "TUR"]
[SourceTitle "playchess.com"]
[Source "ChessBase"]
[SourceQuality "1"]
[TimeControl "5400+30"]

1. Nf3 {[%emt 0:30:30]} Nf6 {[%emt 0:30:30]} 2. c4 {[%emt 0:00:30]} g6 {[%emt 0:01:30]} 3. Nc3 {[%emt 0:00:30]} Bg7 {[%emt 0:00:30]} 4. d4 {[%emt 0:00:30]} d6 {[%emt 0:00:30]} 5. h3 {[%emt 0:00:30]} O-O {[%emt 0:00:30]} 6. e4 {[%emt 0:00:30]} Nbd7 {[%emt 0:01:30]} 7. Be2 {[%emt 0:03:30]} e5 {[%emt 0:02:30]} 8. d5 {[%emt 0:06:30]} Nc5 {[%emt 0:02:30]} 9. Qc2 {[%emt 0:00:30]} a5 {[%emt 0:00:30]} 10. Be3 {[%emt 0:00:30]} Nfd7 {[%emt 0:05:30]} 11. O-O {[%emt 0:01:30]} f5 {[%emt 0:01:30]} 12. exf5 {[%emt 0:03:30]} Rxf5 {[%emt 0:00:30]} 13. Nd2 {[%emt 0:01:30]} b6 {[%emt 0:03:30]} 14. Bg4 {[%emt 0:01:30]} Rf8 15. Nde4 {[%emt 0:01:30]} Nxe4 {[%emt 0:06:00]} 16. Nxe4 {[%emt 0:00:00]} Nc5 {[%emt 0:05:30]} 17. Bxc8 {[%emt 0:06:00]} Rxc8 {[%emt 0:02:30]} 18. Ng5 {[%emt 0:09:30]} h6 {[%emt 0:01:30]} 19. Nf3 {[%emt 0:04:30]} Qf6 {[%emt 0:01:30]} 20. Bxc5 {[%emt 0:07:06]} bxc5 {[%emt 0:00:30]} 21. Nd2 {[%emt 0:00:19]} e4 {[%emt 0:09:30]} 22. b3 {[%emt 0:08:58]} Qc3 {[%emt 0:01:30]} 23. Rac1 {[%emt 0:00:37]} Qxc2 {[%emt 0:00:30]} 24. Rxc2 {[%emt 0:00:07]} Rce8 {[%emt 0:01:30]} 25. Re1 {[%emt 0:00:11]} Rf4 {[%emt 0:12:53]} 26. g3 {[%emt 0:01:56]} Rf7 {[%emt 0:00:17]} 27. Rxe4 {[%emt 0:02:19]} Rfe7 {[%emt 0:00:00]} 28. Rxe7 {[%emt 0:02:53]} Rxe7 {[%emt 0:00:30]} 29. Kf1 {[%emt 0:00:30]} Kf7 {[%emt 0:00:30]} 30. Nf3 {[%emt 0:00:30]} Kf6 {[%emt 0:00:30]} 31. Re2 {[%emt 0:00:30]} Rxe2 {[%emt 0:00:30]} 32. Kxe2 {[%emt 0:00:30]} g5 {[%emt 0:00:30]} 33. g4 {[%emt 0:00:30]} Ke7 {[%emt 0:00:30]} 34. Kd3 {[%emt 0:01:12]} Ba1 {[%emt 0:05:32]} 35. Ke4 {[%emt 0:00:33]} Kf6 {[%emt 0:00:59]} 36. Nd2 {[%emt 0:00:21]} Bb2 {[%emt 0:01:50]} 37. Nf1 {[%emt 0:00:14]} Bc3 {[%emt 0:01:10]} 38. Ng3 {[%emt 0:00:45]} Be1 {[%emt 0:00:28]} 39. Nh5+ {[%emt 0:00:37]} Kg6 {[%emt 0:00:10]} 40. f4 {[%emt 0:00:01]} gxf4 {[%emt 0:00:35]} 41. Nxf4+ {[%emt 0:01:59]} Kg5 {[%emt 0:00:46]} 42. Ne6+ {[%emt 0:00:50]} Kh4 {[%emt 0:00:06]} 43. Nxc7 {[%emt 0:00:27]} Kxh3 {[%emt 0:00:30]} 44. Kf5 {[%emt 0:00:00]} Bg3 {[%emt 0:00:56]} 45. Na6 {[%emt 0:00:00]} Kh4 {[%emt 0:00:25]} 46. Nb8 {[%emt 0:00:52]} Be5 {[%emt 0:00:32]} 47. Nc6 {[%emt 0:00:00]} Bg3 {[%emt 0:00:13]} 48. Nxa5 {[%emt 0:00:00]} Bh2 {[%emt 0:01:02]} 49. Nc6 {[%emt 0:00:02]} 1-0

[Event "5th Ordu Open 2019"]
[Site "Ordu"]
[Date "2019.05.03"]
[Round "7.15"]
[White "Lortkipanidze, Goga"]
[Black "Makhatadze, Khatia"]
[Result "0-1"]
[WhiteElo "1324"]
[BlackElo "1293"]
[Annotator "NA"]
[PlyCount "110"]
[EventDate "2019.04.29"]
[EventType "swiss"]
[EventCountry "TUR"]
[SourceTitle "playchess.com"]
[Source "ChessBase"]
[SourceQuality "1"]
[TimeControl "5400+30"]

1. d4 {[%emt 0:30:30]} Nf6 {[%emt 0:30:30]} 2. c4 {[%emt 0:00:00]} e6 {[%emt 0:00:00]} 3. Nc3 {[%emt 0:00:00]} Bb4 {[%emt 0:00:00]} 4. Qc2 {[%emt 0:01:30]} O-O {[%emt 0:00:00]} 5. Bg5 {[%emt 0:00:00]} c5 {[%emt 0:01:00]} 6. e3 {[%emt 0:00:00]} d5 {[%emt 0:02:30]} 7. Nf3 {[%emt 0:06:30]} Nc6 {[%emt 0:05:30]} 8. Rd1 {[%emt 0:00:30]} cxd4 {[%emt 0:03:30]} 9. Nxd4 {[%emt 0:01:30]} Qe7 {[%emt 0:03:30]} 10. cxd5 {[%emt 0:04:30]} exd5 {[%emt 0:01:30]} 11. Be2 {[%emt 0:01:30]} Be6 {[%emt 0:05:30]} 12. O-O {[%emt 0:00:30]} Rfd8 {[%emt 0:17:30]} 13. Qb3 {[%emt 0:04:30]} Bxc3 {[%emt 0:04:30]} 14. Qxc3 {[%emt 0:00:30]} Rac8 {[%emt 0:07:02]} 15. Qd2 {[%emt 0:03:30]} Qb4 {[%emt 0:07:22]} 16. Nxc6 {[%emt 0:07:30]} Qxd2 {[%emt 0:00:25]} 17. Rxd2 {[%emt 0:01:30]} Rxc6 {[%emt 0:02:20]} 18. Bf3 {[%emt 0:00:30]} Rdd6 {[%emt 0:02:21]} 19. Bxf6 {[%emt 0:00:30]} gxf6 {[%emt 0:00:09]} 20. Rfd1 {[%emt 0:00:30]} Rd7 {[%emt 0:01:33]} 21. h3 {[%emt 0:05:30]} Rcd6 {[%emt 0:01:22]} 22. Rd4 {[%emt 0:01:30]} f5 {[%emt 0:01:11]} 23. g4 {[%emt 0:01:30]} fxg4 {[%emt 0:01:18]} 24. hxg4 {[%emt 0:00:30]} Ra6 {[%emt 0:00:07]} 25. a3 {[%emt 0:00:30]} Rb6 {[%emt 0:00:23]} 26. e4 {[%emt 0:02:30]} dxe4 {[%emt 0:00:32]} 27. Rxd7 {[%emt 0:00:30]} Bxd7 {[%emt 0:00:28]} 28. Bxe4 {[%emt 0:05:30]} Bxg4 {[%emt 0:00:29]} 29. Rd8+ {[%emt 0:00:37]} Kg7 {[%emt 0:00:06]} 30. Rb8 {[%emt 0:00:58]} Rxb2 {[%emt 0:00:12]} 31. Rxb7 {[%emt 0:00:00]} Rxb7 {[%emt 0:00:56]} 32. Bxb7 {[%emt 0:00:28]} Kf6 {[%emt 0:00:00]} 33. Kh2 {[%emt 0:00:27]} Ke5 {[%emt 0:00:19]} 34. Kg3 {[%emt 0:00:30]} Bf5 {[%emt 0:00:36]} 35. f4+ {[%emt 0:00:30]} Kd4 {[%emt 0:00:15]} 36. Bc6 {[%emt 0:00:30]} Be4 {[%emt 0:00:44]} 37. Be8 {[%emt 0:00:30]} f6 {[%emt 0:01:13]} 38. Kg4 {[%emt 0:00:30]} Kc3 {[%emt 0:00:42]} 39. Kh4 {[%emt 0:00:30]} Bc2 {[%emt 0:00:35]} 40. Kh5 {[%emt 0:01:57]} a5 {[%emt 0:00:30]} 41. Kh6 {[%emt 0:00:30]} Kd4 {[%emt 0:00:51]} 42. Kh5 {[%emt 0:02:51]} Ke4 {[%emt 0:00:36]} 43. Kg4 {[%emt 0:00:28]} h5+ {[%emt 0:00:17]} 44. Kg3 {[%emt 0:05:24]} h4+ {[%emt 0:00:28]} 45. Kg4 {[%emt 0:01:13]} Bd1+ {[%emt 0:00:37]} 46. Kxh4 {[%emt 0:00:38]} Kxf4 {[%emt 0:00:30]} 47. Bd7 {[%emt 0:00:00]} f5 {[%emt 0:00:11]} 48. Bxf5 {[%emt 0:00:22]} Kxf5 {[%emt 0:00:30]} 49. Kg3 {[%emt 0:00:00]} Ke4 {[%emt 0:00:00]} 50. Kf2 {[%emt 0:00:13]} Kd3 {[%emt 0:00:00]} 51. Ke1 {[%emt 0:00:10]} Bh5 {[%emt 0:00:00]} 52. Kf2 {[%emt 0:00:54]} Kc3 {[%emt 0:00:26]} 53. Ke3 {[%emt 0:00:30]} Kb3 {[%emt 0:00:00]} 54. a4 {[%emt 0:00:19]} Kxa4 {[%emt 0:00:00]} 55. Kd3 {[%emt 0:00:00]} Kb3 {[%emt 0:00:00]} 0-1

[Event "5th Ordu Open 2019"]
[Site "Ordu"]
[Date "2019.05.04"]
[Round "8.1"]
[White "Pacher, Milan"]
[Black "Dogan, Nazmi Can"]
[Result "1-0"]
[WhiteElo "2396"]
[BlackElo "2214"]
[Annotator "NA"]
[PlyCount "149"]
[EventDate "2019.04.29"]
[EventType "swiss"]
[EventCountry "TUR"]
[SourceTitle "playchess.com"]
[Source "ChessBase"]
[SourceQuality "1"]
[TimeControl "5400+30"]

1. e4 {[%emt 0:02:30]} e5 {[%emt 0:00:30]} 2. Nf3 {[%emt 0:00:30]} Nc6 {[%emt 0:00:00]} 3. Bb5 {[%emt 0:00:00]} a6 {[%emt 0:00:00]} 4. Ba4 {[%emt 0:00:00]} Nf6 {[%emt 0:00:30]} 5. O-O {[%emt 0:00:30]} Bc5 {[%emt 0:00:00]} 6. d3 {[%emt 0:00:00]} d6 {[%emt 0:00:00]} 7. c3 {[%emt 0:00:00]} Ba7 {[%emt 0:00:30]} 8. Nbd2 {[%emt 0:02:30]} O-O {[%emt 0:00:30]} 9. h3 {[%emt 0:00:30]} Ne7 {[%emt 0:00:30]} 10. Re1 {[%emt 0:00:30]} Ng6 {[%emt 0:02:30]} 11. Nf1 {[%emt 0:00:30]} d5 {[%emt 0:04:30]} 12. Bg5 {[%emt 0:03:30]} dxe4 {[%emt 0:02:30]} 13. dxe4 {[%emt 0:00:00]} Qxd1 {[%emt 0:07:30]} 14. Raxd1 {[%emt 0:00:00]} Be6 {[%emt 0:00:30]} 15. Bb3 {[%emt 0:02:30]} Bxb3 {[%emt 0:08:30]} 16. axb3 {[%emt 0:00:00]} Ne8 {[%emt 0:04:30]} 17. Be3 {[%emt 0:11:00]} Bxe3 {[%emt 0:03:30]} 18. Nxe3 {[%emt 0:00:00]} f6 {[%emt 0:08:30]} 19. Nd2 {[%emt 0:08:00]} Nd6 {[%emt 0:08:30]} 20. Nec4 {[%emt 0:01:30]} Nxc4 {[%emt 0:00:30]} 21. Nxc4 {[%emt 0:00:30]} a5 {[%emt 0:00:30]} 22. Rd7 {[%emt 0:07:30]} Rfc8 {[%emt 0:00:30]} 23. Red1 {[%emt 0:03:30]} Nf8 {[%emt 0:00:30]} 24. R7d5 {[%emt 0:00:30]} b6 {[%emt 0:00:30]} 25. Ne3 {[%emt 0:01:30]} a4 {[%emt 0:08:30]} 26. b4 {[%emt 0:05:30]} a3 {[%emt 0:01:30]} 27. bxa3 {[%emt 0:00:30]} Rxa3 {[%emt 0:00:00]} 28. c4 {[%emt 0:00:30]} Rca8 {[%emt 0:09:00]} 29. c5 {[%emt 0:14:30]} bxc5 {[%emt 0:03:30]} 30. Rxc5 {[%emt 0:00:30]} Ra1 {[%emt 0:00:30]} 31. Rxa1 {[%emt 0:00:30]} Rxa1+ {[%emt 0:00:30]} 32. Kh2 {[%emt 0:00:00]} Ne6 {[%emt 0:01:30]} 33. Rc6 {[%emt 0:00:00]} Kf7 {[%emt 0:00:30]} 34. Nd5 {[%emt 0:00:00]} Ra7 {[%emt 0:02:30]} 35. h4 {[%emt 0:01:00]} h5 {[%emt 0:00:30]} 36. g3 {[%emt 0:00:30]} Rb7 {[%emt 0:00:30]} 37. f4 {[%emt 0:00:30]} exf4 {[%emt 0:00:30]} 38. gxf4 {[%emt 0:00:30]} g6 {[%emt 0:00:30]} 39. f5 {[%emt 0:00:30]} gxf5 {[%emt 0:00:30]} 40. exf5 {[%emt 0:00:30]} Nd4 {[%emt 0:00:00]} 41. Rxf6+ {[%emt 0:02:30]} Kg7 {[%emt 0:00:00]} 42. Rg6+ {[%emt 0:00:30]} Kf7 {[%emt 0:00:30]} 43. Rh6 {[%emt 0:00:30]} Rb5 {[%emt 0:01:30]} 44. Rh7+ {[%emt 0:04:30]} Kg8 {[%emt 0:00:30]} 45. Nf6+ {[%emt 0:08:30]} Kf8 {[%emt 0:00:00]} 46. Nd7+ {[%emt 0:00:30]} Kg8 {[%emt 0:00:00]} 47. Nf6+ {[%emt 0:00:30]} Kf8 {[%emt 0:00:30]} 48. Rxc7 {[%emt 0:00:00]} Rxf5 {[%emt 0:08:09]} 49. Nh7+ {[%emt 0:01:00]} Kg8 {[%emt 0:01:12]} 50. Ng5 {[%emt 0:00:30]} Rb5 {[%emt 0:03:37]} 51. Rc8+ {[%emt 0:00:30]} Kg7 {[%emt 0:00:40]} 52. Rc4 {[%emt 0:00:30]} Nf5 {[%emt 0:03:42]} 53. Ne6+ {[%emt 0:02:30]} Kf6 {[%emt 0:00:00]} 54. Nd4 {[%emt 0:00:30]} Rd5 {[%emt 0:00:49]} 55. Nxf5 {[%emt 0:00:30]} Kxf5 {[%emt 0:00:15]} 56. Kg3 {[%emt 0:00:30]} Rd3+ {[%emt 0:00:54]} 57. Kf2 {[%emt 0:00:00]} Rb3 {[%emt 0:00:20]} 58. Ke2 {[%emt 0:00:00]} Ke5 {[%emt 0:00:09]} 59. Kd2 {[%emt 0:00:30]} Kd5 {[%emt 0:00:14]} 60. Rf4 {[%emt 0:00:30]} Ke5 {[%emt 0:01:48]} 61. Kc2 {[%emt 0:00:30]} Rh3 {[%emt 0:00:21]} 62. Rc4 {[%emt 0:00:00]} Kd5 {[%emt 0:00:55]} 63. Rc5+ {[%emt 0:01:00]} Kd4 {[%emt 0:00:56]} 64. Rxh5 {[%emt 0:00:30]} Kc4 {[%emt 0:00:05]} 65. b5 {[%emt 0:02:30]} Rh2+ {[%emt 0:00:30]} 66. Kd1 {[%emt 0:00:30]} Kd3 {[%emt 0:00:00]} 67. Ke1 {[%emt 0:03:27]} Ke3 {[%emt 0:00:00]} 68. Kf1 {[%emt 0:02:28]} Kf3 {[%emt 0:00:00]} 69. Rf5+ {[%emt 0:03:44]} Kg4 {[%emt 0:01:30]} 70. Rf8 {[%emt 0:00:33]} Rb2 {[%emt 0:03:02]} 71. Rb8 {[%emt 0:00:05]} Kf3 {[%emt 0:00:21]} 72. Ke1 {[%emt 0:00:30]} Ke3 {[%emt 0:00:00]} 73. Kd1 {[%emt 0:00:04]} Kd3 {[%emt 0:00:19]} 74. Kc1 {[%emt 0:00:00]} Rb4 {[%emt 0:05:34]} 75. b6 {[%emt 0:01:15]} 1-0